|
|
|
|
| LEADER |
01018nam a2200265 a 4500 |
| 001 |
010089431 |
| 008 |
110110s1996 enka 000 0 eng d |
| 020 |
|
|
|a 0747528306
|
| 020 |
|
|
|a 0747526222
|
| 040 |
|
|
|a Uk
|c Uk
|d BD-DhAAL
|
| 082 |
0 |
4 |
|a 152.4
|2 20
|
| 100 |
1 |
|
|a Goleman, Daniel.
|
| 245 |
1 |
0 |
|a Emotional intelligence :
|b why it can matter more than IQ /
|c Daniel Goleman.
|
| 260 |
|
|
|a London :
|b Bloomsbury,
|c 1996.
|
| 300 |
|
|
|a xiv,352p. :
|b ill. ;
|c 24cm.
|
| 500 |
|
|
|a Includes index.
|
| 541 |
1 |
|
|e 00014073
|
| 650 |
|
0 |
|a Emotions.
|
| 650 |
|
0 |
|a Emotions
|x Social aspects.
|
| 650 |
|
0 |
|a Emotions and cognition.
|
| 653 |
1 |
|
|a Emotions
|a Social psychology
|
| 852 |
4 |
|
|a Ayesha Abed library
|c General Shelf.
|
| 942 |
0 |
0 |
|0 1
|
| 999 |
|
|
|c 10289
|d 10289
|
| 952 |
|
|
|0 0
|1 3
|2 ddc
|4 0
|6 152_400000000000000_GOL
|7 0
|9 13756
|a BRACUL
|b BRACUL
|c GEN
|d 2011-01-10
|g 650.00
|l 21
|m 112
|o 152.4 GOL
|p 3010014073
|r 2017-05-16
|s 2016-01-18
|t 1
|w 2011-01-10
|y BK
|x lost and cost paid by ID-14205019 BDT-1560 for Two Books Acc-14073 and 25357 (Date-16/05/2017)
|